Cryptography (E-Book) (Record no. 191129)
[ view plain ]
| 000 -LEADER | |
|---|---|
| fixed length control field | 00413 a2200145 4500 |
| 003 - CONTROL NUMBER IDENTIFIER | |
| control field | Nust |
| 005 - DATE AND TIME OF LATEST TRANSACTION | |
| control field | 20170207154009.0 |
| 040 ## - CATALOGING SOURCE | |
| Transcribing agency | Nust |
| 100 ## - MAIN ENTRY--PERSONAL NAME | |
| Personal name | PGP |
| 245 ## - TITLE STATEMENT | |
| Title | Cryptography (E-Book) |
| Remainder of title | an introduction |
| Statement of responsibility, etc. | PGP |
| 260 ## - PUBLICATION, DISTRIBUTION, ETC. | |
| Place of publication, distribution, etc. | USA |
| Name of publisher, distributor, etc. | Network Associates, Inc. and its Affiliated Companies. |
| Date of publication, distribution, etc. | 1990 |
| 300 ## - PHYSICAL DESCRIPTION | |
| Extent | x.80,p |
| 505 ## - FORMATTED CONTENTS NOTE | |
| Formatted contents note | The Basics of Cryptography(Page-11) Phil Zimmermann on PGP(Page-39) |
| 651 ## - SUBJECT ADDED ENTRY--GEOGRAPHIC NAME | |
| Geographic name | E-Book |
| 942 ## - ADDED ENTRY ELEMENTS (KOHA) | |
| Source of classification or shelving scheme | |
| Koha item type | Book |
| Withdrawn status | Lost status | Source of classification or shelving scheme | Damaged status | Not for loan | Collection code | Permanent Location | Current Location | Date acquired | Total Checkouts | Barcode | Date last seen | Price effective from | Koha item type |
|---|---|---|---|---|---|---|---|---|---|---|---|---|---|
| Military College of Signals (MCS) | Military College of Signals (MCS) | 12/12/2016 | MCSEB-417 | 12/08/2016 | 12/12/2016 | Book |
